[Event "FRA-ch op-C"]
[Site "Pau"]
[Date "2008.08.12"]
[Round "1"]
[White "Pin, Thierry"]
[Black "Guilchard, Benjamin"]
[Result "0-1"]
[WhiteElo "1660"]
[BlackElo "1788"]
[PlyCount "40"]
[EventDate "2008.08.11"]
[EventType "swiss"]
[EventRounds "9"]
[EventCountry "FRA"]
[SourceTitle "CBM 126 Extra"]
[Source "ChessBase"]
[SourceDate "2008.11.05"]
[SourceVersion "1"]
[SourceVersionDate "2008.11.05"]
[SourceQuality "1"]

1. Nf3 Nf6 2. d4 g6 3. c4 Bg7 4. e3 d6 5. Bd3 Nbd7 6. Nc3 0-0 7. 0-0 e5 8. Re1 c6 9. Bc2 Re8 10. Nd2 Nf8 11. d5 c5 12. e4 g5 13. Nf1 Ng4 14. h3 Nh6 15. g4 Ng6 16. Ne3 Nf4 17. Ng2 Nxh3+ 18. Kh2 Nxg4+ 19. Kg3 h5 20. Qe2 Nhxf2 0-1